000
00295nam a22001337a 4500
008
170418b xxu||||| |||| 00| 0 eng d
020
_a
41426621900000739776
041
_a
eng
080
_2
9 ED
_a
579
100
_a
11
101
_a
SHM
245
_a
MICROBIOLOGY
_c
TALARO.K.P
942
_2
udc
_c
BK
999
_c
10945
_d
10945